[Event "32nd ch-BAN"]
[Site "Dhaka BAN"]
[Date "2006.03.23"]
[Round "13"]
[White "Abdulla,AlR"]
[Black "Abu Sufian,S"]
[Result "1/2-1/2"]
[WhiteElo "2477"]
[BlackElo "2278"]
[EventDate "2006.03.10"]

1. a3 d5 2. e3 Nf6 3. Nf3 c6 4. b4 Bg4 5. Bb2 e6 6. Be2 Nbd7 7. c4 Bd6 8.
d3 O-O 9. Nbd2 e5 10. e4 a5 11. c5 Bc7 12. h3 Bxf3 13. Bxf3 Re8 14. O-O Nf8
15. Re1 Qd7 16. Qb3 Ng6 17. Rad1 axb4 18. axb4 Nf4 19. d4 exd4 20. Bxd4
dxe4 21. Nxe4 N6d5 22. Ng3 Rad8 23. Bg4 Rxe1+ 24. Rxe1 Ne6 25. Bb2 Ndf4 26.
Rd1 Qe7 27. Nf5 Qg5 28. Rxd8+ Bxd8 29. g3 h5 30. gxf4 Qxf4 31. Nxg7 Nxg7
32. Bc8 Bh4 33. Qe3 Qxb4 34. Qd4 Qxd4 35. Bxd4 Ne6 36. Be3 Bg5 37. Bxb7
Bxe3 38. fxe3 Nxc5 39. Bxc6 h4 40. Kg2 Nd3 41. Bd5 Ne5 42. Kf1 Kg7 43. Ke2
Kg6 1/2-1/2

[Event "32nd ch-BAN"]
[Site "Dhaka BAN"]
[Date "2006.03.23"]
[Round "13"]
[White "Murshed,N"]
[Black "Ahmed,SN"]
[Result "1-0"]
[WhiteElo "2460"]
[BlackElo "2321"]
[EventDate "2006.03.10"]

1. d4 Nf6 2. Nf3 e6 3. Bg5 c5 4. e3 b6 5. d5 h6 6. Bxf6 Qxf6 7. Nc3 g5 8.
Nd2 e5 9. Nde4 Qg6 10. g4 d6 11. Bd3 f5 12. Ng3 e4 13. gxf5 Bxf5 14. Ncxe4
Bxe4 15. Bxe4 Qf6 16. c3 Bg7 17. Qg4 Kd8 18. Nh5 Qe5 19. Bf5 Rf8 20. Be6
Na6 21. Qa4 Nb8 22. O-O a6 23. Qg4 Ra7 24. Rae1 Bh8 25. Ng3 Nd7 26. f4 Qg7
27. Nf5 Nf6 28. Nxg7 Nxg4 29. Nf5 gxf4 30. exf4 Kc7 31. h3 Nf6 32. Nxh6 Nh5
33. Nf5 Bf6 34. Re2 b5 35. Rg2 a5 36. a3 Ra6 37. Rg6 Kb8 38. Kh2 b4 39. Rh6
Nxf4 40. Rxf6 Rxf6 41. Rxf4 bxa3 42. bxa3 Rb6 43. a4 Rb3 44. h4 Rg6 45.
Nxd6 Rxc3 46. Rf8+ 1-0

[Event "32nd ch-BAN"]
[Site "Dhaka BAN"]
[Date "2006.03.23"]
[Round "13"]
[White "Hossain,D"]
[Black "Haque,R1"]
[Result "0-1"]
[WhiteElo "2136"]
[BlackElo "2193"]
[EventDate "2006.03.10"]

1. c4 d6 2. Nc3 e5 3. Nf3 Bg4 4. g3 c6 5. Bg2 Nf6 6. d3 Nbd7 7. O-O Be7 8.
Nd2 a5 9. h3 Bh5 10. Re1 O-O 11. Nf1 Nc5 12. Ne3 Re8 13. Nf5 Bf8 14. g4 Bg6
15. Nh4 Ne6 16. Nxg6 hxg6 17. e3 g5 18. d4 exd4 19. exd4 d5 20. c5 b6 21.
Na4 bxc5 22. dxc5 Nd7 23. Bd2 Ndxc5 24. Rc1 Nd3 25. Bxg5 Qxg5 26. Qxd3 Nf4
27. Qc2 Ne2+ 28. Rxe2 Rxe2 29. Qxc6 Rae8 30. Bxd5 Qf4 31. Bf3 R2e6 32. Rc4
Qh6 33. Qb7 Qxh3 34. Be4 Qxg4+ 0-1

[Event "32nd ch-BAN"]
[Site "Dhaka BAN"]
[Date "2006.03.23"]
[Round "13"]
[White "Hasan Md,E"]
[Black "Reefat,S"]
[Result "0-1"]
[WhiteElo "2147"]
[BlackElo "2478"]
[EventDate "2006.03.10"]

1. e4 c5 2. Nf3 Nc6 3. d3 g6 4. g3 Bg7 5. Bg2 e5 6. O-O Nge7 7. Be3 d6 8.
c3 O-O 9. d4 exd4 10. cxd4 d5 11. exd5 Nxd5 12. Nc3 Nxe3 13. fxe3 cxd4 14.
exd4 Nxd4 15. Nxd4 Qxd4+ 16. Kh1 Be6 17. Qxd4 Bxd4 18. Nb5 Rad8 19. Nxd4
Rxd4 20. Rfd1 Rxd1+ 21. Rxd1 b6 22. b3 Re8 23. Be4 Kg7 24. Rd2 Kf6 25. Kg2
Ke5 26. Bf3 b5 27. h4 h5 28. Kf2 a5 29. Be2 b4 30. Bf3 Rc8 31. Ke3 Bf5 32.
Bd1 Rc3+ 33. Kf2 Rc1 34. Ke3 Rc3+ 35. Kf2 Bd3 36. a3 bxa3 37. Ra2 Rc1 38.
Ke1 Rb1 0-1

[Event "32nd ch-BAN"]
[Site "Dhaka BAN"]
[Date "2006.03.23"]
[Round "13"]
[White "Abdul,Mal"]
[Black "Rahman,SM"]
[Result "0-1"]
[WhiteElo "2233"]
[BlackElo "2273"]
[EventDate "2006.03.10"]

1. d4 d5 2. c4 c6 3. Nc3 Nf6 4. e3 e6 5. Nf3 Nbd7 6. Bd3 dxc4 7. Bxc4 b5 8.
Bd3 a6 9. O-O Bb7 10. e4 c5 11. e5 cxd4 12. Nxb5 axb5 13. exf6 Qb6 14. Qe2
gxf6 15. Bxb5 Bc5 16. Bd2 Ke7 17. a4 Rhg8 18. g3 Qc7 19. Nh4 Ne5 20. Rfc1
Qd6 21. Bd3 Rg4 22. Bf4 Rag8 23. Ng2 Bb4 24. Bxe5 fxe5 25. f3 R4g7 26. Rc2
Rc8 27. Rxc8 Bxc8 28. a5 Bb7 29. a6 Bd5 30. Kf2 f5 31. Qc2 Rg8 32. a7 Qc5
33. Qe2 e4 34. Nf4 exd3 35. Nxd5+ Qxd5 36. Qxd3 Ra8 37. Ra4 Bd6 38. Kg2 Qc5
39. Qa6 Qc7 40. Rxd4 Rxa7 41. Qd3 Rb7 42. Qd2 Be5 43. Rb4 Qd7 44. Rxb7 Qxb7
45. Qh6 Qxb2+ 46. Kh3 Bg7 47. Qxh7 Qf6 48. Kg2 Qh6 49. Qg8 Qh8 50. Qxh8
Bxh8 51. f4 Kf7 52. Kf3 Bf6 53. h3 Ke7 54. g4 Bh4 55. Ke3 Kd6 56. Kd4 Bf2+
57. Kd3 Kd5 58. g5 Kd6 59. Ke2 Bh4 60. Kf3 Ke7 61. Ke3 Kd6 62. Kd4 Bf2+ 63.
Kd3 e5 64. g6 e4+ 65. Ke2 Bd4 66. h4 Ke6 67. h5 Kf6 0-1

[Event "32nd ch-BAN"]
[Site "Dhaka BAN"]
[Date "2006.03.23"]
[Round "13"]
[White "Hossain,Enay"]
[Black "Rahman,Zia"]
[Result "0-1"]
[WhiteElo "2110"]
[BlackElo "2557"]
[EventDate "2006.03.10"]

1. d4 d6 2. Bf4 Nf6 3. Nd2 g6 4. e4 Bg7 5. Be2 O-O 6. Ngf3 Bg4 7. c3 Nc6 8.
Bg5 h6 9. Be3 e5 10. d5 Ne7 11. O-O Nd7 12. Ne1 Bxe2 13. Qxe2 f5 14. f3 f4
15. Bf2 h5 16. Nd3 g5 17. Rfc1 Nf6 18. c4 g4 19. c5 Ng6 20. Rc2 Rf7 21.
Rac1 Bf8 22. Nc4 Rg7 23. Kh1 g3 24. hxg3 fxg3 25. Bxg3 h4 26. Bh2 Nh5 27.
Kg1 Ng3 28. Qe3 Be7 29. Qe1 Bg5 30. Ne3 Nf4 31. Nf2 dxc5 32. Nfg4 Nd3 33.
Qc3 Nxc1 34. Rxc1 Ne2+ 0-1